Transactions - 14th International Congresses of Soil Science, Japan, Kyoto, August 1990 - Vol V: Commission V

Wedi'i Gadw mewn:
Manylion Llyfryddiaeth
Fformat: Llyfr
Iaith:Undetermined
Cyhoeddwyd: Kyoto, Japan International Soceity of Soil Science 1990
Pynciau:
Tagiau: Ychwanegu Tag
Dim Tagiau, Byddwch y cyntaf i dagio'r cofnod hwn!
Thư viện lưu trữ: Trung tâm Học liệu Trường Đại học Cần Thơ
LEADER 00528nam a2200157Ia 4500
001 CTU_38482
008 210402s9999 xx 000 0 und d
082 |a 631.4 
082 |b T772/volV 
245 0 |a Transactions - 14th International Congresses of Soil Science, Japan, Kyoto, August 1990 - Vol V: Commission V 
260 |a Kyoto, Japan 
260 |b International Soceity of Soil Science 
260 |c 1990 
650 |a soil science,soils 
904 |i Liên, 990401 
980 |a Trung tâm Học liệu Trường Đại học Cần Thơ